Determination Of Dynamic-mechanical Properties On Addition Of Carbon Black-nanosilica Hybrid Fillers In Nr-sbr Blends With Special Reference To Power Transmission Belt Applications (Record no. 75608)

MARC details
000 -LEADER
fixed length control field 00754nam a22001817a 4500
100 ## - MAIN ENTRY--AUTHOR NAME
Personal name Aswathy, T.r.
245 ## - TITLE STATEMENT
Title Determination Of Dynamic-mechanical Properties On Addition Of Carbon Black-nanosilica Hybrid Fillers In Nr-sbr Blends With Special Reference To Power Transmission Belt Applications
260 ## - PUBLICATION, DISTRIBUTION, ETC. (IMPRINT)
Name of publisher International Rubber Conference-rubber Con 2024: Sustainable Development In Rubber Industry-challenges And Opportunities, 5-7 December 2024, Indian Rubber Institute, Kochi, India, P. 48.
Year of publication 2024
300 ## - PHYSICAL DESCRIPTION
Other physical details Abstract only
650 ## - SUBJECT ADDED ENTRY--TOPICAL TERM
Topical Term Power Transmission Belts
650 ## - SUBJECT ADDED ENTRY--TOPICAL TERM
Topical Term Nanocomposites
650 ## - SUBJECT ADDED ENTRY--TOPICAL TERM
Topical Term MOrphology
700 ## - ADDED ENTRY--PERSONAL NAME
Personal name Mohan, S.
700 ## - ADDED ENTRY--PERSONAL NAME
Personal name Kalaivendhan, T.
700 ## - ADDED ENTRY--PERSONAL NAME
Personal name Adhil, M.
942 ## - ADDED ENTRY ELEMENTS (KOHA)
Koha item type Journals
Holdings
Withdrawn status Lost status Damaged status Not for loan Home library Current library Date acquired Koha item type
        RRII Library RRII Library 22/09/2025 Journals